000 00379nam a22001697a 4500
005 20260512120237.0
008 160630b xxu||||| |||| 00| 0 eng d
020 _a81-85749-56-6
041 _aeng
082 _a658.5
100 _aVerma A P
245 _aProduction Management
260 _bS.K. Kataria & Sons
_c2012
300 _a335
650 _aManagement
942 _cBK
999 _c4976
_d4974